=LDR 00000nam 2200000 4500 =001 INLIS000000000032660 =005 20200625113714 =035 ##$$a 0010-061300000032660 =008 200625################g##########0#ind## =041 ##$$a ind =082 ##$$a 2x5.4 =090 ##$$a 2x5.4, Ash b =100 1#$$a Ash-Shadr, Abdur Razzaq =245 1#$$a Berzikir cara Nabi, Abdur Razzaq Ash-Shadar;Penerjemah, Misbah /$c Abdur Razzaq Ash-Shadar;Penerjemah, Misbah =260 ##$$a Bandung :$b Hikmah,$c 2007 =300 ##$$a x,373 hlm, ; $c 15x23 cm =650 #4$$a Doa dan Wirid =700 #$$a Misbah =850 ##$$a NBPNMAT =020 ##$$a 978-979-114-072-0 =084 ##$$a 2x5.4 ASH b =250 ##$$a cet.1 =990 ##$$a 21001415 =990 ##$$a 21001414